000
00259nam a22001097a 4500
008
160420b xxu||||| |||| 00| 0 eng d
020
_a
0801677661
041
_a
eng
080
_a
618.2
245
1
0
_a
Rehabilitation nursing:
_c
Shirley P. Hoeman;
942
_2
udc
_c
BK
999
_c
1450
_d
1450